000 01012nam0a22002531 4500
001 rc\3058657
005 20250806202528.0
035 _a(NLR Aleph) 007197607
090 _a51095
_c51095
100 _a20111013d1941 u y0rusy50 ca
101 0 _arus
102 _aRU
105 _aa z |||||
200 1 _aПрактика цианирования инструментов из быстрорежущих сталей
_eОпыт Моск. автозавода им. Сталина
_fинж. А.Г. Онисимов
_gНар. ком. сред. маш. СССР. Центр. дом техники
210 _aМосква
_aЛенинград
_cМашгиз
_d1941
_eМосква
215 _a30 с.
_cил.
_d18 см
700 1 _aОнисимов
_bА.Г.
_gАндрей Григорьевич
801 0 _aRU
_bNLR
_gpsbo
801 1 _aRU
_bELAR
_2rusmarc
852 _aNLR
_jТ36 Г-2/23
942 _cBOOK
945 _aРоссийская национальная библиотека
980 _aNB
980 _aBV